<?xml version="1.0" encoding="UTF-8"?>
<record
    xmlns:xsi="http://www.w3.org/2001/XMLSchema-instance"
    xsi:schemaLocation="http://www.loc.gov/MARC21/slim http://www.loc.gov/standards/marcxml/schema/MARC21slim.xsd"
    xmlns="http://www.loc.gov/MARC21/slim">

  <leader>00628nam a22001937a 4500</leader>
  <controlfield tag="003">OSt</controlfield>
  <controlfield tag="005">20140310182053.0</controlfield>
  <controlfield tag="008">130822t        xxu||||| |||| 00| 0 eng d</controlfield>
  <datafield tag="050" ind1=" " ind2=" ">
    <subfield code="a">DS 688</subfield>
    <subfield code="b">.Ab119 1999</subfield>
  </datafield>
  <datafield tag="082" ind1=" " ind2=" ">
    <subfield code="a">HS 327.172 </subfield>
    <subfield code="b">Ab1 1999</subfield>
  </datafield>
  <datafield tag="100" ind1=" " ind2=" ">
    <subfield code="a">Abat, Fortunato U.</subfield>
    <subfield code="9">12204</subfield>
  </datafield>
  <datafield tag="245" ind1=" " ind2=" ">
    <subfield code="a">The day we nearly lost Mindanao:</subfield>
    <subfield code="b">the cemcom story /</subfield>
    <subfield code="c">Fortunato U. Abat.  </subfield>
  </datafield>
  <datafield tag="260" ind1=" " ind2=" ">
    <subfield code="a">New updated ed. Diliman, Q. C : </subfield>
    <subfield code="b">The author, </subfield>
    <subfield code="c">1999.  </subfield>
  </datafield>
  <datafield tag="300" ind1=" " ind2=" ">
    <subfield code="a"> 311 p.:</subfield>
    <subfield code="b">ill. ;</subfield>
    <subfield code="c">18 cm.  </subfield>
  </datafield>
  <datafield tag="650" ind1=" " ind2=" ">
    <subfield code="a">Armed Forces of the Philippines.Central MindanaoCommand  </subfield>
    <subfield code="9">12205</subfield>
  </datafield>
  <datafield tag="650" ind1=" " ind2=" ">
    <subfield code="a">Mindanao </subfield>
    <subfield code="9">12206</subfield>
  </datafield>
  <datafield tag="942" ind1=" " ind2=" ">
    <subfield code="2">lcc</subfield>
  </datafield>
  <datafield tag="999" ind1=" " ind2=" ">
    <subfield code="c">9027</subfield>
    <subfield code="d">9027</subfield>
  </datafield>
  <datafield tag="952" ind1=" " ind2=" ">
    <subfield code="0">0</subfield>
    <subfield code="1">0</subfield>
    <subfield code="2">lcc</subfield>
    <subfield code="4">0</subfield>
    <subfield code="a">LUX</subfield>
    <subfield code="b">LUX</subfield>
    <subfield code="c">HS</subfield>
    <subfield code="d">2013-08-22</subfield>
    <subfield code="l">0</subfield>
    <subfield code="o">DS 688 .Ab119 1999</subfield>
    <subfield code="p">9159</subfield>
    <subfield code="r">2013-08-22 00:00:00</subfield>
    <subfield code="t">1</subfield>
    <subfield code="w">2013-08-22</subfield>
    <subfield code="y">BK</subfield>
  </datafield>
</record>
